Jimmy Butler Quiz - Statistics

General Stats
  • This quiz has been taken 637 times
    386 since last reset
  • The average score is 7 of 9
Answer Stats
Question Answer % Correct
How many time All-Star? 3
98%
How many All-Defensive Awards has he won? 3
98%
What position does Butler play now? SF/SG
92%
What jersey number is he? 23
91%
What year was Jimmy born? 1989
85%
What year was he drafted? 2011
84%
What overall pick was he? 30th
77%
What college did he go to? Marquette
63%
What is his nickname? Jimmy G. Buckets
35%
No matching quizzes found
Score Distribution
Percent of People with Each Score
Percentile by Number Answered
Your Score History
You have not taken this quiz since the last reset